|
|
|
|
| LEADER |
00000nam2a2200000 4500 |
| 001 |
57142 |
| 005 |
20231101211640.0 |
| 010 |
|
|
|a 5934551477
|
| 035 |
|
|
|a (RuTPU)RU\TPU\book\60277
|
| 090 |
|
|
|a 57142
|
| 100 |
|
|
|a 20031024d2002 m y0rusy50 ca
|
| 101 |
0 |
|
|a rus
|
| 102 |
|
|
|a RU
|
| 105 |
|
|
|a a z 000zy
|
| 200 |
0 |
|
|a Т. 2. Лампы в УМЗЧ - снова в строю; Электроника в вашем авто и дома; Контроль, измерение и испытание; Техника радиоспорта; Радиолюбительская технология
|
| 210 |
|
|
|d 2002
|
| 215 |
|
|
|a 328 с.
|c ил.
|
| 225 |
1 |
|
|a "Солон-Р" - радиолюбителям
|v Вып. 8
|
| 461 |
|
1 |
|0 (RuTPU)RU\TPU\book\61301
|t Конструкции и схемы для прочтения с паяльником
|f авт.-сост. А. Я. Гриф
|v Т. 2 : Лампы в УМЗЧ - снова в строю; Электроника в вашем авто и дома; Контроль, измерение и испытание; Техника радиоспорта; Радиолюбительская технология
|d 2001-2003
|
| 606 |
1 |
|
|a Паяние в радиоэлектронике
|2 stltpush
|3 (RuTPU)RU\TPU\subj\48396
|9 67267
|
| 610 |
1 |
|
|a радиоэлектроника
|
| 610 |
1 |
|
|a радиолюбительство
|
| 610 |
1 |
|
|a интегральная электроника
|
| 610 |
1 |
|
|a аудиотехника
|
| 610 |
1 |
|
|a мощность
|
| 610 |
1 |
|
|a ламповые усилители
|
| 610 |
1 |
|
|a звуковая частота
|
| 610 |
1 |
|
|a усилители
|
| 610 |
1 |
|
|a кассетные магнитофоны
|
| 610 |
1 |
|
|a звуки
|
| 610 |
1 |
|
|a воспроизведение
|
| 610 |
1 |
|
|a светодинамические установки
|
| 610 |
1 |
|
|a автомобили
|
| 610 |
1 |
|
|a термометры
|
| 610 |
1 |
|
|a вольтметры
|
| 610 |
1 |
|
|a таймеры
|
| 610 |
1 |
|
|a транзисторы
|
| 610 |
1 |
|
|a цифровые измерители
|
| 610 |
1 |
|
|a индикаторы
|
| 610 |
1 |
|
|a радиопеленгаторы
|
| 610 |
1 |
|
|a портативная радиостанция
|
| 675 |
|
|
|a 621.396.6.002.72
|v 3
|
| 801 |
|
1 |
|a RU
|b 63413507
|c 20031024
|g PSBO
|
| 801 |
|
2 |
|a RU
|b 63413507
|c 20200824
|g PSBO
|
| 942 |
|
|
|c BK
|